000 00811nam a2200253 a 4500
001 000048649
003 DO-SdBNP
005 20240302073953.0
007 ta
008 100317s2015 dr c 000 0 spa d
020 _a9789945891294
040 _aDO-SdBNP
_bspa
_cBNPHU
082 4 _a801.93
_bR789
_222
100 1 _aRosario Candelier, Bruno,
_d1941-
_9851
245 1 0 _aPoética del interiorismo :
_bteoría de la estética literaria /
_cBruno Rosario Candelier.
260 _aMoca, República Dominicana :
_bJudicial,
_bAteneo Insular Internacional,
_c2015.
300 _a438 p. :
_bretrs. ;
_c23 cm.
490 1 _aEn la interior bodega
_v7
590 _aInventariado, 2019/ YL
650 4 _aEstética literaria
_98066
830 0 _aEn la interior bodega
_n7
_973428
910 _aYL
942 _2ddc
_cLBS1
999 _c48137
_d48137